SB Maffija-Hotel Maffija - Statystyki

Ogólne statystyki
  • Ten quiz został rozwiązany 488 razy
  • Średni wynik to 7 z 10
Statystyki odpowiedzi
Track % Poprawnych
Hotel Maffija
95%
A nie pamiętasz jak?
89%
Dla sióstr
75%
Nie ma raju bez węża
73%
Lasy
70%
Przepis na dzień dobry
68%
Biorę się w garść
67%
Zimna noc i szybkie auta
67%
Znowu razem
59%
LTTN
53%
Nie znaleziono quizów pasujących do podanych kryteriów
Rozkład punktacji
Procent ludzi z każdym wynikiem
Percentyl według liczby udzielonych odpowiedzi
Twoja historia wyników
Nie rozwiązałeś tego quizu